000 01408cam a22003977a 4500
003 CHAP
005 20250903062741.0
008 971013s1991 r 00010 d
010 _a2833
011 _a3805
035 _a3006
040 _cCHAP
090 _aTesis
100 0 0 _aZepeda Piña, Rubén.
_9123936
245 0 _aRelación entre consumo y características fecales y del forraje seleccionado por ovinos pastoreando un pastizal bajo bosques de pino
260 _aChapingo, Méx. :
_bEl autor,
_c1991
300 _a72 h.
502 _aTesis (Ing. Agr. Esp. en Zootecnia) -- UACH. Departamento de Zootecnia
590 _aALEPH
_b10
_c20130110
_lUCH01
_h1214
590 _aBATCH-UPD
_b10
_c20130110
_lUCH01
_h1205
590 _aBATCH-UPD
_b10
_c20130410
_lUCH01
_h0747
590 _aBATCH-UPD
_b10
_c20130914
_lUCH01
_h1429
590 _aCONVERSION
_b10
_c20130109
_lUCH01
_h1303
650 1 4 _aAlimentos y alimentacion del ganado.
_94326
650 1 4 _aArboles como forraje.
650 1 4 _aForrajes
_xAnálisis.
_942555
650 1 7 _aForrajes
_xDigestibilidad
_2
_942568
650 1 4 _aForrajes
_xValor nutritivo.
_942601
650 1 4 _aGanado lanar
_xPastoreo.
_945209
650 1 4 _aMaterias fecales
_xAnálisis.
_972961
650 1 4 _aPastoreo.
_985984
901 _aBK
942 _cFOLL
949 _bBC
_cTES
_d-12514
_eTS1
_h24697
_i3006
_si
949 _bBC
_cTES
_d33724000597530
_eTS2
_fc.2
_h24698
_i3006
_sb
999 _c2833
_d2833